000 01018cam a22002294a 4500
005 20250605164237.0
008 250528s ||||||||||||||||||||||||d
035 _a21179
020 _a9781587132087
040 _aGR-AtMCL
_bgre
_dGR-AtMCL
_eAACR2
245 1 _aNetwork Fundamentals / CCNA Exploration Companion Guide
250 _a1st
260 _bCisco Press,
_c2008
300 _a538
520 _aA top-down approach to Networking. Includes CD-ROM. Introduction, Living in a Network-Centric World, Communicating Over the Network, Application Layer Functionality and Protocols, OSI Transport Layer, OSI Network Layer, Addressing the Network: IPv4, OSI Data Link Layer, OSI Physical Layer, Ethernet, Planning and Cabling Networks, Configuring and Testing Your Network, Check Your Understanding and Challenge Questions Answer Key, Glossary, Index.
700 1 _aDye Mark A
_97206
700 1 _aMcdonald Rick
_97207
700 1 _aRufi Antoon W
_97208
942 _cBK
999 _c6247
_d6247